000 00437nab a2200145Ia 4500
003 ES-SlBCS
005 20210601131102.0
008 140529s1978 xxu||||| |||| 00| 0 fre d
041 _afre
100 1 _aPaquay, R.
_9180628
245 0 0 _aL'ingestion volontaire d'aliments et son contrôle
_c R. Paquay
650 0 4 _aAlimentos
_993830
773 0 _tRevue des Questions Scientifiques
_gvol. 149, 1978, págs. 173-196
_wRev1461
942 _cAR
999 _c557379
_d557379